000 01392nab a22002537a 4500
999 _c5494
_d5494
003 OSt
005 20251209133606.0
008 190502c xxu||||| |||| 00| 0 spa d
040 _cPJ
100 _96485
_aSifontes Torres, Efrén Ismael
245 1 3 _aLa necesidad de decisiones fundadas en casos de Jurisdicción Universal. Breves reflexiones en torno a su ejercicio en el caso Venezuela /
_cEfrén Ismael Sifontes Torres.
260 _aCiudad Autónoma de Buenos Aires :
_bThomson Reuters La Ley,
_c2025.
300 _ap. 10-14
500 _aCita Online: AR/DOC/3109/2024.
505 _aSumario: I. Introducción.— II. Antecedentes: la situación Venezuela I en la CPI y la decisión del 5 de abril del 2024.— III. La orden de Arresto. La decisión del 23 de septiembre.— IV. Reflexiones finales.
505 _tFallo comentado: CNFed. Crim. y Correc., sala I ~ 23/09/2024 ~ Maduro Moros, Nicolás s/ queja de la querella - recurso de queja N.º 6.
505 _t¿Te interesa el texto completo? Solicitalo al correo: koha@justierradelfuego.gov.ar
650 0 _9343
_aDERECHO PENAL
650 0 _96334
_aCRÍMENES DE LESA HUMANIDAD
650 0 _92781
_aDECLARACIÓN INDAGATORIA
650 0 _91974
_aPRUEBA TESTIMONIAL
773 0 _02729
_93180
_dBuenos Aires : LexisNexis, 2006-
_tRevista de derecho penal y procesal penal. Nº 2 - Febrero 2025
_z9875920622
942 _2udc
_cANA